[Event "Titled Tue 3rd Jun Early"]
[Site "chess.com INT"]
[Date "2025.06.03"]
[Round "3"]
[White "Barwinska, Ewa"]
[Black "Deng, Henry"]
[Result "0-1"]
[WhiteTitle "WFM"]
[BlackTitle "FM"]
[WhiteElo "2014"]
[BlackElo "2327"]
[WhiteFideId "21833761"]
[BlackFideId "30965454"]
[EventDate "2025.06.03"]

1. e4 c5 2. Nf3 e6 3. d3 d5 4. exd5 exd5 5. g3 Nf6 6. Bg2 Be7 7. O-O O-O 8. d4
Nc6 9. Bf4 h6 10. Nc3 Bg4 11. Ne2 Qb6 12. dxc5 Bxc5 13. h3 Bf5 14. Qc1 Rfe8 15.
Nc3 Ne4 16. Nxe4 dxe4 17. Nd2 Bg6 18. Nc4 Qa6 19. Ne3 Rad8 20. c3 Qe2 21. Re1
Qd2 22. Rd1 Qxc1 23. Raxc1 Rd3 24. Nd5 Bh7 25. Bf1 Rxd1 26. Rxd1 g5 27. Be3 Bxe3
28. Nxe3 Rd8 29. Rxd8+ Nxd8 30. Bc4 Kf8 31. Kf1 Ke7 32. Ke2 Kd6 33. Ng4 h5 34.
Ne3 f5 35. Bb3 Bg6 36. Nc4+ Kc5 37. Ne5 Be8 38. Ke3 a5 39. a4 b6 40. f3 exf3 41.
Nxf3 g4 42. hxg4 hxg4 43. Nd4 Bd7 44. Kf4 Nc6 45. Nxf5 b5 46. axb5 Kxb5 47. Kxg4
Ne5+ 48. Kf4 Nd3+ 49. Ke4 Nxb2 50. Bc2 Kc4 51. Nd4 Kxc3 52. Bb1 Nc4 53. Nf3 Bc6+
54. Kf4 Bxf3 55. Kxf3 Nd2+ 56. Ke2 Nxb1 57. g4 Kc2 58. g5 Nc3+ 59. Ke3 a4 60. g6
Nd5+ 61. Kd4 Ne7 62. Kc4 a3 63. g7 a2 64. Kc5 a1=Q 65. Kd6 Qxg7 0-1

[Event "Titled Tue 3rd Jun Early"]
[Site "chess.com INT"]
[Date "2025.06.03"]
[Round "3"]
[White "Smirnov, Mark"]
[Black "Gbiorczyk, Mikolaj"]
[Result "0-1"]
[WhiteTitle "FM"]
[BlackTitle "CM"]
[WhiteElo "2348"]
[BlackElo "2191"]
[WhiteFideId "13764594"]
[BlackFideId "21080763"]
[EventDate "2025.06.03"]

1. Nf3 f5 2. c4 Nf6 3. Nc3 g6 4. d3 Bg7 5. e4 d6 6. e5 dxe5 7. Nxe5 Nbd7 8. Nxd7
Qxd7 9. d4 O-O 10. Be2 c5 11. d5 e6 12. O-O b6 13. dxe6 Qxd1 14. Rxd1 Bxe6 15.
Bg5 h6 16. Bf4 Rad8 17. Bc7 Rc8 18. Be5 Rfd8 19. f4 Ne4 20. Nxe4 fxe4 21. Bxg7
Kxg7 22. Kf2 Rd4 23. Ke3 Rcd8 24. b3 h5 25. Rac1 Kf6 26. h3 h4 27. Ra1 Bf5 28.
Rac1 a6 29. Ra1 R8d6 30. Rac1 Ke7 31. Rb1 Kd8 32. b4 Rxd1 33. Bxd1 Rd3+ 34. Ke2
cxb4 35. Rxb4 Kc7 36. Rb3 Rd4 37. Rc3 Kd6 38. Bc2 Kc5 39. Ke3 Rxc4 40. Rxc4+
Kxc4 41. Bxe4 Bxe4 42. Kxe4 b5 43. f5 gxf5+ 44. Kf3 b4 45. g3 hxg3 46. h4 Kd5
47. h5 Ke6 48. Kxg3 a5 49. Kf4 Kf6 50. h6 Kg6 51. Ke5 a4 52. Kd4 b3 53. axb3
axb3 54. Kc3 Kxh6 55. Kxb3 Kg5 56. Kc3 Kf4 57. Kd2 Kf3 58. Ke1 f4 59. Kf1 Kg3
60. Kg1 f3 61. Kh1 Kf2 62. Kh2 Ke2 0-1

[Event "Titled Tue 3rd Jun Early"]
[Site "chess.com INT"]
[Date "2025.06.03"]
[Round "3"]
[White "Ter-Sahakyan, Samvel"]
[Black "Sindarov, Islombek"]
[Result "1-0"]
[WhiteTitle "GM"]
[BlackTitle "CM"]
[WhiteElo "2611"]
[BlackElo "2129"]
[WhiteFideId "13302531"]
[BlackFideId "14205475"]
[EventDate "2025.06.03"]

1. e4 g6 2. d4 Bg7 3. Nc3 c5 4. d5 d6 5. Bb5+ Bd7 6. a4 Nf6 7. Nf3 O-O 8. h3 a6
9. Bc4 Ne8 10. O-O Nc7 11. a5 Be8 12. Bf4 Nd7 13. Qd2 Rb8 14. Bh6 b5 15. axb6
Nxb6 16. Bxg7 Kxg7 17. Bd3 Qc8 18. Rfe1 f6 19. b3 Bb5 20. Ne2 Bxd3 21. Qxd3 Nd7
22. Nd2 Ne5 23. Qg3 Nf7 24. Nc4 Rb4 25. Nf4 g5 26. Nd3 Rb8 27. Ne3 Nb5 28. Nf5+
Kh8 29. Nxe7 Qd7 30. Nf5 Rb6 31. h4 gxh4 32. Qxh4 Ng5 33. Nf4 Rg8 34. Re3 Nd4
35. Nxd4 cxd4 36. Rg3 Qe7 37. Re1 Rbb8 38. Nh3 Rbc8 39. Nxg5 fxg5 40. Qg4 Rxc2
41. Rf3 h6 42. Rf5 Rf8 43. e5 dxe5 44. Rexe5 Qd6 45. Rxf8+ Qxf8 46. Rf5 Qd6 47.
g3 d3 48. Qf3 Kg8 49. Qxd3 Rc5 50. Qe4 Rc8 51. Kg2 Rf8 52. Rxf8+ Kxf8 53. Qf5+
Ke7 54. Kh3 Kd8 55. Kg4 Kc7 56. Qf7+ Kb6 57. Qe6 Kc5 58. Qxd6+ Kxd6 59. Kh5 Kxd5
60. Kxh6 1-0

[Event "Titled Tue 3rd Jun Early"]
[Site "chess.com INT"]
[Date "2025.06.03"]
[Round "3"]
[White "Khazhatuly, Alikhan"]
[Black "Rustamov, Rustam"]
[Result "0-1"]
[WhiteTitle "CM"]
[BlackTitle "FM"]
[WhiteElo "2196"]
[BlackElo "2323"]
[WhiteFideId "13731335"]
[BlackFideId "13440110"]
[EventDate "2025.06.03"]

1. e4 c5 2. Nf3 d6 3. d4 cxd4 4. Nxd4 e5 5. Nf3 Nf6 6. Nc3 Be7 7. Bc4 O-O 8. O-O
Be6 9. Bd5 Bxd5 10. Nxd5 Nxe4 11. Qd3 Nc5 12. Qc4 Nc6 13. Be3 Ne6 14. Rad1 Rc8
15. Qd3 f6 16. c3 Kh8 17. Nh4 Rf7 18. Qf5 Nf8 19. Qh3 Qd7 20. Nf5 g6 21. Nfxe7
Qxh3 22. gxh3 Nxe7 23. Nxe7 Rxe7 24. Rxd6 Kg7 25. Bxa7 Ne6 26. Be3 Kf7 27. Rfd1
Rcc7 28. a4 h5 29. a5 g5 30. f3 Rc4 31. Rd7 Ra4 32. Rxe7+ Kxe7 33. b4 Ra3 34.
Rd3 f5 35. Bd2 Nc7 36. Kf2 Ke6 37. Bxg5 Nd5 38. Bd2 Ra2 39. Ke2 e4 40. fxe4 Nf4+
41. Ke3 Nxd3 42. exf5+ Kxf5 43. Kxd3 Ke5 44. c4 Kd6 45. Bf4+ Kd7 46. c5 Kc6 47.
h4 Kb5 48. Kc3 Rf2 49. Bg3 Rf3+ 50. Kd4 Kxb4 51. Kd5 Rd3+ 52. Ke4 Rd7 53. Bd6
Kxa5 54. Kd5 Kb5 55. Ke5 Kc6 56. Ke6 b5 57. Bg3 b4 58. Kf5 b3 59. Be5 Rd5 60.
Ke4 Rxe5+ 61. Kxe5 b2 62. Kf4 b1=Q 63. Kg5 Qd1 64. h3 Kxc5 65. Kh6 Qd6+ 0-1

[Event "Titled Tue 3rd Jun Early"]
[Site "chess.com INT"]
[Date "2025.06.03"]
[Round "3"]
[White "Azizoglu, Ferzan"]
[Black "Silva Lucena, Cristian"]
[Result "0-1"]
[BlackTitle "FM"]
[WhiteElo "2055"]
[BlackElo "2257"]
[WhiteFideId "6302726"]
[BlackFideId "2232588"]
[EventDate "2025.06.03"]

1. e4 c6 2. d4 d5 3. e5 Bf5 4. h4 h5 5. Bd3 Bxd3 6. Qxd3 Qa5+ 7. Nd2 e6 8. Ne2
Qa6 9. c4 Bb4 10. b3 Nd7 11. O-O Nh6 12. Ng3 g6 13. a3 Be7 14. Nf3 Nf5 15. Nxf5
gxf5 16. Bg5 Rd8 17. Qc2 Bxg5 18. Nxg5 dxc4 19. bxc4 Nb6 20. c5 Nd5 21. g3 Rd7
22. Rfb1 Kd8 23. Rb3 Kc8 24. Rab1 Rhd8 25. Qb2 Kb8 26. Kg2 Ka8 27. Qc2 Rb8 28.
Qd1 Nc7 29. Rb4 Nb5 30. R1b3 Qa5 31. Qxh5 Nxd4 32. Rb1 Nb5 33. Nxf7 Qxa3 34. Nd6
Nxd6 35. cxd6 Qd3 36. Qg5 Qd5+ 37. Kg1 Qxe5 38. Ra4 Qxd6 39. Rba1 a6 40. Qf4
Qxf4 41. Rxf4 Rbd8 42. Kg2 Ka7 43. h5 c5 44. Kh3 b5 45. Kh4 Kb6 46. g4 fxg4 47.
Rxg4 c4 48. Rg6 Rh7 49. Rxe6+ Kc5 50. Raxa6 c3 51. Rac6+ Kb4 52. Re4+ Kb3 53. h6
Rd5 54. Re3 b4 55. Rg6 Rd4+ 56. Kg5 Kb2 57. Rg7 Rh8 58. h7 Rd5+ 59. Kh6 Rd6+ 60.
Rg6 Rxg6+ 61. Kxg6 c2 62. Kg7 Rxh7+ 63. Kxh7 c1=Q 0-1

[Event "Titled Tue 3rd Jun Early"]
[Site "chess.com INT"]
[Date "2025.06.03"]
[Round "3"]
[White "Emujin Enkh-Amgalan"]
[Black "Horobetz, Graham"]
[Result "0-1"]
[WhiteTitle "WCM"]
[WhiteElo "1917"]
[BlackElo "2250"]
[WhiteFideId "4908023"]
[BlackFideId "2047322"]
[EventDate "2025.06.03"]

1. d4 Nf6 2. c4 e6 3. Nf3 Bb4+ 4. Nbd2 c6 5. a3 Ba5 6. b4 Bc7 7. e4 d5 8. e5
Nfd7 9. c5 b6 10. Bb2 bxc5 11. bxc5 f6 12. exf6 Qxf6 13. Be2 Nxc5 14. O-O O-O
15. Qc2 Ncd7 16. Bd3 g6 17. Rae1 a5 18. Nb3 Ba6 19. Bxa6 Rxa6 20. Nc5 Nxc5 21.
dxc5 e5 22. Nxe5 Qf4 23. g3 Qf5 24. Qd2 Bd8 25. f4 Bf6 26. Bd4 Nd7 27. Nxd7 Qxd7
28. Bxf6 Rxf6 29. Qd4 Rf7 30. Re5 Ra8 31. Rfe1 Raf8 32. Qd2 Qg4 33. Rg5 Qf3 34.
Rf1 Qxa3 35. Qd4 Qb4 36. Qf2 Re8 37. f5 Ref8 38. g4 Kh8 39. Re1 Kg8 40. Kg2 a4
41. Qc2 Qb3 42. Qb1 Qxb1 43. Rxb1 Kg7 44. Ra1 Ra7 45. fxg6 hxg6 46. Re5 Rf6 47.
Re3 Rf4 48. Kg3 Rc4 49. Rea3 Rxc5 50. Rxa4 Rxa4 51. Rxa4 g5 52. Ra7+ Kf6 53. Ra3
d4 54. Rf3+ Ke6 55. Rf1 Rc3+ 56. Kg2 c5 57. Re1+ Kd5 58. Rf1 Kc4 0-1

[Event "Titled Tue 3rd Jun Early"]
[Site "chess.com INT"]
[Date "2025.06.03"]
[Round "3"]
[White "Kholyavko, Mariya"]
[Black "Lyakh, Vasiliy"]
[Result "0-1"]
[WhiteTitle "WFM"]
[WhiteElo "2130"]
[BlackElo "2116"]
[WhiteFideId "13748505"]
[BlackFideId "14189828"]
[EventDate "2025.06.03"]

1. Nf3 Nf6 2. g3 d5 3. Bg2 Bf5 4. O-O e6 5. d3 h6 6. Nbd2 Be7 7. Re1 O-O 8. c3
c5 9. Ne5 Nbd7 10. Nxd7 Qxd7 11. e4 dxe4 12. dxe4 Bh7 13. e5 Nd5 14. Ne4 Rad8
15. Qe2 Qc7 16. f4 c4 17. Kh1 b5 18. Bd2 a5 19. b3 Rc8 20. Rac1 Rfd8 21. Red1
Ba3 22. Rc2 cxb3 23. axb3 Nb4 24. cxb4 Qxc2 25. Nd6 Rb8 26. Qe1 a4 27. bxa4 bxa4
28. g4 Bxb4 29. Bxb4 Rxb4 30. f5 Rxg4 31. Rd2 Qb3 32. h3 Rg3 33. Qc1 Rxh3+ 34.
Bxh3 Qxh3+ 35. Kg1 Bxf5 36. Nxf5 Rxd2 37. Ne7+ Kf8 38. Qxd2 Qg4+ 39. Kf1 Qf3+
40. Kg1 Qg3+ 41. Kf1 Qf3+ 42. Kg1 Kxe7 43. Qd6+ Ke8 44. Qb8+ Kd7 45. Qa7+ Kc8
46. Qa6+ Qb7 47. Qc4+ Qc7 48. Qa6+ Kd8 49. Qa8+ Ke7 50. Qxa4 Qxe5 51. Qa7+ Kf6
52. Qf2+ Qf5 53. Qb2+ Kg6 54. Qb4 h5 55. Qb3 e5 56. Qb4 Qg4+ 57. Qxg4+ hxg4 58.
Kg2 Kf5 59. Kg1 Kf4 60. Kg2 e4 61. Kg1 e3 62. Kg2 g3 63. Kg1 Kf3 64. Kh1 e2 65.
Kg1 e1=Q# 0-1

[Event "Titled Tue 3rd Jun Early"]
[Site "chess.com INT"]
[Date "2025.06.03"]
[Round "3"]
[White "Pragnya H G"]
[Black "Souleidis, Georgios"]
[Result "0-1"]
[WhiteTitle "WFM"]
[BlackTitle "IM"]
[WhiteElo "1929"]
[BlackElo "2418"]
[WhiteFideId "25609785"]
[BlackFideId "4206827"]
[EventDate "2025.06.03"]

1. d4 d5 2. Bf4 e6 3. Nc3 Bd6 4. e3 Nf6 5. Nf3 O-O 6. Ne5 a6 7. Bd3 c5 8. Qf3 c4
9. Be2 Nc6 10. g4 Bxe5 11. dxe5 Nd7 12. O-O-O Ndxe5 13. Qg3 Ng6 14. Bc7 Qh4 15.
Qd6 Qe7 16. Qg3 Qh4 17. Qg2 b5 18. Bg3 Qd8 19. h4 b4 20. Na4 Qa5 21. b3 Bd7 22.
h5 Nge7 23. Bd6 Rfe8 24. Qg3 Rac8 25. Kb1 c3 26. Ka1 h6 27. Bc5 Rb8 28. Qd6 Red8
29. e4 Be8 30. Qg3 dxe4 31. Rd6 Rxd6 32. Bxd6 Rc8 33. g5 Qxg5 34. Bxa6 Qxg3 35.
fxg3 Rd8 36. Bc5 Nf5 37. g4 Ng3 38. Re1 f5 39. a3 bxa3 40. gxf5 exf5 41. b4 Nxh5
42. b5 Na5 43. b6 Bc6 44. Bb4 Nb7 45. Nc5 Nxc5 46. Bxc5 Rd7 47. Ka2 f4 48. Bc4+
Kh7 49. Be6 Rb7 50. Bc8 Rf7 51. Kxa3 e3 52. Rb1 e2 53. Bf2 Nf6 54. Kb4 Ne4 55.
Be1 f3 56. Ka5 f2 57. Bxf2 Rxf2 58. Bd7 Bb7 59. Re1 Ng3 60. Bb5 Rf1 61. Rxe2
Nxe2 62. Bxe2 Rf4 63. Bd3+ g6 64. Kb5 Rf6 65. Kc5 Kg7 0-1

[Event "Titled Tue 3rd Jun Early"]
[Site "chess.com INT"]
[Date "2025.06.03"]
[Round "3"]
[White "Keneshbekov, Elim"]
[Black "Przybylski, Bartosz"]
[Result "1-0"]
[WhiteTitle "CM"]
[BlackTitle "CM"]
[WhiteElo "1867"]
[BlackElo "2107"]
[WhiteFideId "13816772"]
[BlackFideId "21878323"]
[EventDate "2025.06.03"]

1. e4 c5 2. Nf3 e6 3. c3 Nf6 4. e5 Nd5 5. d4 cxd4 6. cxd4 d6 7. Nc3 Be7 8. Bd3
O-O 9. O-O Nc6 10. Re1 dxe5 11. dxe5 Nxc3 12. bxc3 h6 13. Re4 b6 14. Rg4 Kh8 15.
Bxh6 gxh6 16. Qd2 Bg5 17. Nxg5 Nxe5 18. Nxe6 Qf6 19. Rg7 Bxe6 20. Rh7+ Kg8 21.
Rxh6 Qg7 22. Bh7+ Kh8 23. Qf4 Bd5 24. Be4+ Kg8 25. Bxd5 Rad8 26. Be4 Ng6 27. Qe3
Rfe8 28. Rf1 Rxe4 29. Qxe4 Qxh6 30. f4 Qh4 31. g3 Qh3 32. f5 Nf8 33. f6 Rd2 34.
Qh1 Qe6 35. Qf3 Qd6 36. Qg4+ Ng6 37. Qc8+ Kh7 38. Qb7 Qc5+ 39. Kh1 Qd5+ 40. Qxd5
Rxd5 41. Re1 Rc5 42. c4 Rxc4 43. Rd1 Rc6 44. Rd7 Rxf6 45. Rxa7 Rf1+ 46. Kg2 Rf6
47. Rb7 Kg7 48. g4 Ne5 49. Kg3 Rg6 50. h3 Nc4 51. Kf4 Re6 52. g5 Kg6 53. h4 Nd6
54. Rxb6 Nc4 55. Rxe6+ fxe6 56. a4 Nb6 57. a5 Nd5+ 58. Ke5 Nc7 59. Kd6 Na6 60.
Kxe6 Kh5 61. Kf7 Nb4 62. g6 Nc6 63. g7 Ne5+ 64. Ke8 Nc4 65. g8=Q Nd6+ 66. Kd7
Ne4 67. Qh8+ Kg4 68. Qg7+ Kh5 69. Qh7+ Kg4 70. Qxe4+ Kh5 71. Qg2 Kh6 72. a6 Kh7
73. a7 Kh6 74. a8=Q Kh7 75. Qag8+ 1-0

[Event "Titled Tue 3rd Jun Early"]
[Site "chess.com INT"]
[Date "2025.06.03"]
[Round "3"]
[White "Dominguez, Ramiro"]
[Black "Grodotzki, Kenneth"]
[Result "1/2-1/2"]
[WhiteTitle "FM"]
[BlackTitle "CM"]
[WhiteElo "2185"]
[BlackElo "1984"]
[WhiteFideId "4420055"]
[BlackFideId "4648560"]
[EventDate "2025.06.03"]

1. e4 d6 2. Nf3 Nf6 3. Nc3 g6 4. d4 Bg7 5. h3 O-O 6. Be3 c6 7. Qd2 b5 8. a3 a5
9. Bd3 Ba6 10. Ne2 Nbd7 11. O-O Qc7 12. Rfe1 Rfe8 13. Bf4 c5 14. c3 e5 15. Bh2
Nb6 16. Rac1 Nfd7 17. b4 axb4 18. axb4 c4 19. Bc2 Bb7 20. Rcd1 Ra2 21. Nc1 Ra3
22. Ne2 Na4 23. Bxa4 Rxa4 24. dxe5 Nxe5 25. Ned4 Qb6 26. Nxe5 dxe5 27. Nf3 Bf6
28. Ra1 Rea8 29. Rxa4 Rxa4 30. h4 Ra8 31. h5 Rd8 32. Qe2 Qc6 33. hxg6 hxg6 34.
Nxe5 Qe8 35. f4 Kg7 36. Rf1 Qe7 37. Qf3 Bxe5 38. fxe5 Rd3 39. Qf6+ Qxf6 40.
exf6+ Kh6 41. Bf4+ Kh5 42. e5 Bd5 43. Rc1 Kg4 44. Bh2 Rd2 45. Kf1 Bxg2+ 46. Ke1
Rd3 47. Bg1 Bd5 48. Bd4 Kf3 49. Rc2 g5 50. Rf2+ Ke4 51. Re2+ Kf5 52. e6 Bxe6 53.
Re5+ Kg6 54. Re3 Rxe3+ 55. Bxe3 Kxf6 56. Bd4+ Kf5 57. Kf2 g4 58. Kg3 Ke4 59. Bc5
f5 60. Bd6 Kd3 61. Be5 Bd5 62. Kf4 Be4 63. Kg3 Ke2 64. Bd4 Kd3 65. Be5 Ke3 66.
Bf4+ Ke2 67. Be5 Kd1 68. Kf4 Kc2 69. Kg3 Kb3 70. Kf4 Bc2 71. Kg3 Kb2 72. Kf4 Kc1
73. Kg3 Kd1 74. Kf4 Ke1 75. Kg3 Ke2 76. Bf4 Kd3 77. Be5 Ke4 78. Bd6 Ke3 79. Be5
Ke4 80. Bd6 Ke3 81. Bf4+ Ke4 82. Bd6 1/2-1/2

[Event "Titled Tue 3rd Jun Early"]
[Site "chess.com INT"]
[Date "2025.06.03"]
[Round "3"]
[White "Mora Munoz, Alejandro"]
[Black "Cahaya, Satria Duta"]
[Result "0-1"]
[WhiteTitle "FM"]
[BlackTitle "FM"]
[WhiteElo "2147"]
[BlackElo "2416"]
[WhiteFideId "4469844"]
[BlackFideId "7124252"]
[EventDate "2025.06.03"]

1. e4 d5 2. exd5 Nf6 3. d4 Nxd5 4. Nf3 Bg4 5. Be2 e6 6. h3 Bh5 7. O-O Nc6 8. c4
Nb6 9. Be3 Bxf3 10. Bxf3 Nxc4 11. Bxc6+ bxc6 12. Qc2 Nb6 13. Qxc6+ Qd7 14. Qc2
Bd6 15. Nc3 O-O 16. Rad1 Nd5 17. Ne4 h6 18. Rfe1 Rfb8 19. a3 a5 20. Bc1 a4 21.
Rd3 f5 22. Nc3 Re8 23. Rf3 Nxc3 24. Rxc3 Qb5 25. Rce3 Qd5 26. Qe2 Qxd4 27. Rxe6
Rxe6 28. Qxe6+ Kh8 29. Qxf5 Rf8 30. Qc2 Kg8 31. Be3 Qe5 32. g3 Qe6 33. Kg2 Qd5+
34. Kh2 h5 35. Qd1 Qf5 36. Qxa4 Qf3 37. Qc4+ Kh7 38. Qe2 Qd5 39. Qc2+ Kg8 40.
Rd1 Qe5 41. Qc4+ Kh8 42. Qd3 h4 43. Bf4 Qxb2 44. Rd2 Qxa3 45. Bxd6 Qxd3 46. Rxd3
cxd6 47. f4 hxg3+ 48. Kxg3 Rf6 49. Kg4 Kg8 50. Ra3 Kf7 51. f5 Kg8 52. Kg5 d5 53.
Ra8+ Rf8 54. Ra4 Rd8 55. Rd4 Kf7 56. Kf4 Kf6 57. Rd1 d4 58. Rg1 d3 59. Rg6+ Kf7
60. Rg1 d2 61. Rd1 Kf6 62. Ke3 Kxf5 63. Ke2 Ke4 64. Rg1 d1=Q+ 65. Rxd1 Rxd1 66.
Kxd1 Kf3 67. Kd2 Kg3 68. Ke3 Kxh3 0-1

[Event "Titled Tue 3rd Jun Early"]
[Site "chess.com INT"]
[Date "2025.06.03"]
[Round "3"]
[White "Skliarov, Viktor"]
[Black "Andrejevs, Arvids"]
[Result "1-0"]
[WhiteTitle "IM"]
[BlackTitle "CM"]
[WhiteElo "2334"]
[BlackElo "2165"]
[WhiteFideId "14106736"]
[BlackFideId "11602708"]
[EventDate "2025.06.03"]

1. e4 c5 2. Nf3 Nc6 3. Bb5 g6 4. O-O Bg7 5. Re1 d6 6. Bxc6+ bxc6 7. e5 Bg4 8.
exd6 Qxd6 9. h3 Bf5 10. Na3 Nf6 11. Nc4 Qc7 12. d3 O-O 13. Be3 Nd7 14. Qd2 Be6
15. Bf4 Qd8 16. Rxe6 fxe6 17. Re1 e5 18. Nfxe5 Nxe5 19. Bxe5 Bxe5 20. Rxe5 Qd4
21. Re4 Qf6 22. a4 Rad8 23. Qe3 Rd5 24. Re6 Qh4 25. Re4 Qf6 26. Rxe7 Rf5 27. f3
Rg5 28. Qe6+ Qxe6 29. Rxe6 Rxf3 30. Kh2 Rf2 31. Ne3 h5 32. Re4 Kf7 33. h4 Rg4
34. Nxg4 hxg4 35. Rc4 Rf5 36. Kg3 g5 37. h5 Re5 38. Kxg4 Kf6 39. Re4 Rf5 40. b3
Rf2 41. Rc4 Rxg2+ 42. Kf3 Rh2 43. Kg3 Rxh5 44. Rxc5 Rh1 45. Rxc6+ Ke5 46. b4
Rg1+ 47. Kf2 Ra1 48. a5 Kf4 49. Rc4+ Kf5 50. Kg2 Rb1 51. a6 Ra1 52. b5 Rb1 53.
Rc5+ Kf4 54. c4 g4 55. Rc8 Rb2+ 56. Kf1 Kf3 57. Rf8+ Ke3 58. Kg1 g3 59. Re8+ Kf3
60. Rf8+ Ke3 61. Rg8 Kxd3 62. Rxg3+ Kxc4 63. Rg7 Kxb5 64. Rb7+ Kxa6 65. Rxb2 Ka5
66. Kf2 Ka4 67. Ke3 Ka3 68. Rb5 Ka4 69. Rb1 a5 70. Kd4 Ka3 71. Kc3 1-0

[Event "Titled Tue 3rd Jun Early"]
[Site "chess.com INT"]
[Date "2025.06.03"]
[Round "3"]
[White "Mujumdar, Sameer"]
[Black "Munoz Ramos, Christopher"]
[Result "1-0"]
[BlackTitle "FM"]
[WhiteElo "2029"]
[BlackElo "2133"]
[WhiteFideId "2029707"]
[BlackFideId "3439615"]
[EventDate "2025.06.03"]

1. d4 d5 2. c4 dxc4 3. e3 Nf6 4. Bxc4 e6 5. Nf3 c5 6. O-O cxd4 7. exd4 Nc6 8.
Bf4 Be7 9. Nc3 a6 10. a4 O-O 11. Re1 Nb4 12. Ne5 Nbd5 13. Bg5 Qc7 14. Bxd5 Nxd5
15. Nxd5 exd5 16. Bxe7 Qxe7 17. Ng6 Qxe1+ 18. Qxe1 hxg6 19. Rc1 Be6 20. h3 Rfc8
21. Rxc8+ Rxc8 22. Qb4 Rc4 23. Qxb7 Rxa4 24. b4 Kh7 25. g4 Ra1+ 26. Kg2 Rb1 27.
f3 g5 28. Qe7 g6 29. h4 gxh4 30. Qxh4+ Kg7 31. Qe7 Rc1 32. Kg3 Rc4 33. g5 Kh7
34. Kf4 Rxd4+ 35. Ke5 Rd3 36. f4 Kg7 37. Qf6+ Kg8 38. Kd6 Re3 39. Qd4 Re4 40.
Qd2 d4 41. Kc5 Bf5 42. Kb6 d3 43. Kxa6 Re2 44. Qd1 Ra2+ 45. Kb6 d2 46. Qe2 Rb2
47. Qe8+ Kg7 48. Qe5+ Kg8 49. Qb8+ Kg7 50. Qe5+ Kg8 51. Qe2 Be6 52. Kc5 Rc2+ 53.
Kd4 Ra2 54. Kc3 Kg7 55. b5 Ra3+ 56. Kb2 Rb3+ 57. Kc2 Ra3 58. Qe5+ Kg8 59. Kxd2
Ra2+ 60. Kc3 Ra3+ 61. Kb4 Rb3+ 62. Kc5 Ra3 63. Qb8+ Kg7 64. b6 Rc3+ 65. Kd4 Rb3
66. b7 Rb4+ 67. Kc3 Rb1 68. Qe5+ Kh7 69. b8=Q Rxb8 70. Qxb8 Kg7 71. Qe5+ Kg8 72.
Qf6 Kf8 73. Kd4 Kg8 74. Kc5 Bf5 75. Kd6 Be6 76. Ke7 Kh7 77. Qxe6 fxe6 78. Kxe6
Kg7 79. Ke7 Kh8 80. Kf6 Kh7 81. Kf7 Kh8 82. Kxg6 Kg8 83. f5 Kh8 84. f6 Kg8 85.
Kf5 Kh7 86. g6+ Kh8 87. Ke6 Kg8 88. f7+ Kf8 89. g7+ Kxg7 90. Ke7 Kg6 91. f8=Q
Kg5 92. Qf6+ Kh5 93. Ke6 Kg4 94. Ke5 Kh3 95. Ke4 Kh2 96. Kf3 Kh3 97. Qh8# 1-0

[Event "Titled Tue 3rd Jun Early"]
[Site "chess.com INT"]
[Date "2025.06.03"]
[Round "3"]
[White "Vasquez Schroeder, Rodrigo"]
[Black "Rubes, Jan"]
[Result "1/2-1/2"]
[WhiteTitle "GM"]
[BlackTitle "IM"]
[WhiteElo "2446"]
[BlackElo "2426"]
[WhiteFideId "3400042"]
[BlackFideId "338176"]
[EventDate "2025.06.03"]

1. e4 e5 2. Nf3 Nc6 3. Bb5 a6 4. Ba4 Nf6 5. O-O Be7 6. Re1 b5 7. Bb3 O-O 8. h3
Bb7 9. d3 d5 10. Nbd2 dxe4 11. dxe4 Bd6 12. c3 Ne7 13. Nh4 c5 14. Qe2 c4 15. Bc2
Bc5 16. Ndf3 Qc7 17. Bg5 Nd7 18. Red1 f6 19. Be3 Rad8 20. Nh2 Bxe3 21. Qxe3 Nc5
22. Nf1 Ne6 23. Ng3 Qc5 24. Qf3 Ng5 25. Qe2 Ng6 26. Nhf5 Nf4 27. Qe3 Qxe3 28.
Nxe3 g6 29. h4 Nge6 30. f3 Nc5 31. b3 cxb3 32. axb3 Rc8 33. Rd6 Nce6 34. Nd1
Rfd8 35. Rxd8+ Rxd8 36. Nf1 Ne2+ 37. Kf2 Nxc3 38. Nxc3 Rc8 39. Nd1 Rxc2+ 40. Kg1
Nf4 41. Nfe3 Rc7 42. Kf1 Kf7 43. g3 Ne6 44. Rb1 Nd4 45. Kf2 Ke6 46. b4 Kd7 47.
Rb2 Rc1 48. g4 Ke6 49. h5 gxh5 50. gxh5 Rc7 51. Ng4 Rc8 52. Nde3 Ra8 53. Nd5
Bxd5 54. exd5+ Kxd5 55. Nxf6+ Kc4 56. Ne4 a5 57. bxa5 Rxa5 58. Nd6+ Kc3 59. Rb1
b4 60. Ke3 b3 61. Ne4+ Kc2 62. Nd2 b2 63. Rxb2+ Kxb2 64. Nc4+ Kc3 65. Nxa5 Ne6
66. Ke4 Ng5+ 67. Kxe5 Nxf3+ 68. Kf4 Nd4 69. Kg5 Ne2 70. Nc6 Kc4 71. Ne5+ Kd5 72.
Ng4 Ke6 73. Nf6 Ng3 74. h6 Nf5 75. Nxh7 Nxh6 1/2-1/2

[Event "Titled Tue 3rd Jun Early"]
[Site "chess.com INT"]
[Date "2025.06.03"]
[Round "3"]
[White "Otdelnov, Kirill"]
[Black "Gharibyan, Mamikon"]
[Result "0-1"]
[WhiteTitle "FM"]
[BlackTitle "GM"]
[WhiteElo "2273"]
[BlackElo "2472"]
[WhiteFideId "24280216"]
[BlackFideId "13308300"]
[EventDate "2025.06.03"]

1. Nf3 d5 2. g3 Nc6 3. d4 Bf5 4. Bg2 Nb4 5. Na3 e6 6. O-O Be7 7. c3 Nc6 8. Bf4
Bxa3 9. bxa3 Nge7 10. c4 O-O 11. cxd5 exd5 12. Qb3 Na5 13. Qc3 c6 14. Ne5 f6 15.
Nd3 Ng6 16. Nc5 Re8 17. Rfe1 Nxf4 18. gxf4 b6 19. Nb3 Nc4 20. e4 Bg4 21. Qg3 Bh5
22. e5 f5 23. a4 a6 24. Bh3 Rf8 25. Kh1 Kh8 26. Rg1 Qe7 27. a5 bxa5 28. Nc5 Rab8
29. Rab1 g6 30. Nxa6 Rb5 31. a4 Rxb1 32. Rxb1 Qa7 33. Nc5 Rb8 34. Rg1 Rb2 35.
Bxf5 Qe7 36. Bh3 Nd2 37. Bg2 Ra2 38. f5 g5 39. f6 Qf7 40. Qxg5 Nf3 41. Qg7+ Qxg7
42. fxg7+ Kg8 43. Rb1 Kxg7 44. h3 Nxd4 45. Rb7+ Kh6 46. e6 Re2 47. e7 Bf7 48.
Kg1 Kg6 49. Ra7 Kf6 50. Rxa5 Re1+ 51. Kh2 Kxe7 52. Ra7+ Kd6 53. Nb7+ Ke5 54. Nc5
Kf6 55. a5 Ra1 56. a6 Nb5 57. Ra8 Ke5 58. Rf8 Kf6 59. Ra8 Ke7 60. Rc8 Kd6 61.
Nb7+ Kd7 62. Rd8+ Kc7 63. Rf8 Bg6 64. Nc5 Kd6 65. Nb7+ Ke7 66. Ra8 Kd7 67. Nc5+
Kd6 68. Nb7+ Kc7 69. Nc5 d4 70. Re8 d3 71. Re7+ Kd6 0-1

[Event "Titled Tue 3rd Jun Early"]
[Site "chess.com INT"]
[Date "2025.06.03"]
[Round "3"]
[White "Jahnz, Laurin"]
[Black "Wyss, Jonas"]
[Result "1/2-1/2"]
[WhiteTitle "CM"]
[BlackTitle "FM"]
[WhiteElo "2233"]
[BlackElo "2278"]
[WhiteFideId "16261089"]
[BlackFideId "1311387"]
[EventDate "2025.06.03"]

1. e4 c6 2. Nc3 d5 3. Nf3 dxe4 4. Nxe4 Nf6 5. Qe2 Nxe4 6. Qxe4 Nd7 7. d4 Nf6 8.
Qd3 Bg4 9. Ne5 Bh5 10. c3 e6 11. Qh3 Bg6 12. Nxg6 fxg6 13. Qxe6+ Qe7 14. Qxe7+
Bxe7 15. Bd3 O-O 16. O-O Rae8 17. Bd2 Nd5 18. Rae1 Bd6 19. Rxe8 Rxe8 20. Re1
Rxe1+ 21. Bxe1 Kf7 22. g3 Ke6 23. Kg2 b5 24. b3 a5 25. c4 Nb4 26. Bb1 a4 27. a3
Na6 28. cxb5 cxb5 29. b4 Kd5 30. Ba2+ Kxd4 31. Bd2 Kd3 32. Be3 Be5 33. Be6 Nc7
34. Bd7 Kc3 35. f4 Bd6 36. Kf3 Kb2 37. Bd4+ Kxa3 38. Bxg7 Bxb4 39. Be5 Ba5 40.
g4 b4 41. f5 b3 42. f6 b2 43. f7 Bb4 44. Bxb2+ Kxb2 45. Bxa4 Ne6 46. h4 Kc3 47.
Bd7 Nf8 48. Bb5 Kd4 49. Kf4 Bd2+ 50. Kf3 Ke5 51. Bc4 Kf6 52. Ke4 Ke7 53. Ke5
Bc3+ 54. Kf4 Bb4 55. h5 Bd6+ 56. Kg5 gxh5 57. gxh5 Bb4 58. Kh6 Bd2+ 59. Kg7 Bc3+
60. Kg8 h6 61. Bd3 Bd2 62. Bg6 Bg5 63. Kg7 Ne6+ 64. Kh7 Nd8 65. Kg8 Ne6 66. Bf5
Nf8 67. Kg7 Bf4 68. Bg6 Nd7 69. Bf5 Nf8 70. Kg8 Be3 71. Kg7 Bd2 72. Bd3 Bc1 73.
Bc4 Bf4 74. Kg8 Bg5 75. Kg7 Nd7 76. Bb3 Bf6+ 77. Kg6 Bg5 78. Ba2 Ne5+ 79. Kg7
Nxf7 80. Bxf7 Kd6 81. Bg6 Ke5 82. Kf7 Kf4 83. Ke6 Kg4 84. Kd5 Kh4 85. Ke4 Kg4
86. Kd3 Kh4 87. Ke2 Kg4 88. Kf2 Kh4 89. Kf3 Kh3 1/2-1/2